000 00650nam a2200253Ia 4500
003 OSt
005 20221005124432.0
006 a|||||r|||| 00| 0
007 ta
008 221004b |||||||| |||| 00| 0 eng d
024 _a46172
037 _cTextual
040 _aCRL
_cCRL
_beng
041 _2eng
_aeng
082 _aO111,3M91,1, 31J8
100 _aVenkataramani Au.
_9635236
245 0 _aMurugam ora azhavan
260 _c1958
300 _a360p.
_ccm.
650 _a ENGLISH LITERATURE
650 _aENGLISH FICTION
942 _hO111,3M91,1, 31J8
_cTEXL
_2cc
999 _c1050477
_d1050477